Study of adjustment of students in the context of their attitude to educational authorities, their need-achievement & personality (Record no. 87139)

MARC details
000 -LEADER
fixed length control field 00408nam a2200133Ia 4500
008 - FIXED-LENGTH DATA ELEMENTS--GENERAL INFORMATION
fixed length control field 230917s9999||||xx |||||||||||||| ||und||
040 ## - CATALOGING SOURCE
-- 89508
Original cataloging agency VIVEKANANDA LIBRARY
041 ## - Language
-- English
082 ## - DDC NUMBER
Classification number 370.153 M278S
100 ## - MAIN ENTRY--PERSONAL NAME
Personal name Mahipal Singh
245 #0 - TITLE STATEMENT
Title Study of adjustment of students in the context of their attitude to educational authorities, their need-achievement & personality
300 ## - PHYSICAL DESCRIPTION
Pages 223 p.
942 ## - ADDED ENTRY ELEMENTS (KOHA)
Koha item type Thesis
Holdings
Withdrawn status Lost status Damaged status Not for loan Location (home branch) Sublocation or collection (holding branch) Shelving location Date acquired Koha issues (times borrowed) Koha full call number Accession No. Koha date last seen Koha item type
        VIVEKANANDA LIBRARY VIVEKANANDA LIBRARY Reference 30/04/2003   370.153 M278S 166648 17/09/2023 Thesis
© Designed and Maintained by Vivekananda Library, MDU Rohtak